DOS RV V2. Slovník /

Salvato in:
Dettagli Bibliografici
Autore principale: Vaculík, S (Autore)
Natura: Libro
Pubblicazione: Bratislava : Datasystém, 1985
Tags: Aggiungi Tag
Nessun Tag, puoi essere il primo ad aggiungerne!!

MARC

LEADER 00000nam a22000003a 4500
001 stu20554
005 20150617225749.9
008 ------s1985----cs----------------------d
040 |a STU  |b slo 
041 0
044 |a cs 
080 |a 681.3.06 
100 1 |a Vaculík, S  |4 aut 
245 1 |a DOS RV V2. Slovník /  |c Vaculík,S 
260 |a Bratislava :  |b Datasystém,  |c 1985 
300 |a 41 s 
996 |b CB662  |c C*B662  |l CCXVIII  |s P  |a 0  |w stu20554_0001 
996 |b C73403  |c C*73403  |l CCI  |s A  |a 24  |w stu20554_0002